Normal view
MARC view
- تأليف فريحات، محمود عبده (أبو فراس)
Entry Personal Name
001 - CONTROL NUMBER
- control field: 49422
003 - CONTROL NUMBER IDENTIFIER
- control field: JO-AjAnu
005 - DATE AND TIME OF LATEST TRANSACTION
- control field: 20230606082138.0
008 - FIXED-LENGTH DATA ELEMENTS
- fixed length control field: 230606|| aca||aabn | a|a d
040 ## - CATALOGING SOURCE
- Original cataloging agency: JO-AjAnu
- Transcribing agency: JO-AjAnu
100 ## - HEADING--PERSONAL NAME
- Personal name: تأليف فريحات، محمود عبده (أبو فراس)
670 ## - SOURCE DATA FOUND
- Source citation: Work cat.: (JO-AjAnu)25274: تأليف فريحات، محمود عبده (أبو فراس), author, ألفية فريحات ((المحمودية))